[Event "CRO-chT2 West"]
[Site "Croatia"]
[Date "2014.03.30"]
[Round "6.13"]
[White "Savic, Miroslav"]
[Black "Grguric, Dragan"]
[Result "1/2-1/2"]
[WhiteElo "2231"]
[BlackElo "2090"]
[PlyCount "110"]
[EventDate "2014.03.15"]
[EventType "team-tourn"]
[EventRounds "9"]
[EventCountry "CRO"]
[SourceTitle "EXT 2019"]
[Source "ChessBase"]
[SourceDate "2018.10.10"]
[SourceVersion "1"]
[SourceVersionDate "2018.10.10"]
[SourceQuality "1"]
[WhiteTeam "Karlobag"]
[BlackTeam "Porec Gortan"]
[WhiteTeamCountry "CRO"]
[BlackTeamCountry "CRO"]

1. d4 Nf6 2. Nf3 g6 3. c4 Bg7 4. Nc3 0-0 5. g3 d6 6. Bg2 Nbd7 7. 0-0 e5 8. b3 Re8 9. Bb2 c6 10. e4 exd4 11. Nxd4 Nc5 12. Re1 a5 13. Rb1 Ng4 14. h3 Ne5 15. Re3 Qb6 16. Nde2 Be6 17. Nf4 Rad8 18. Qc2 Bc8 19. Nce2 f5 20. Bd4 Qc7 21. f3 Qf7 22. Bxc5 dxc5 23. Nd3 fxe4 24. Nxe5 Bxe5 25. fxe4 Qg7 26. Rd3 Qh6 27. Kh2 g5 28. Rxd8 Rxd8 29. Rd1 Rf8 30. Qd2 Qh5 31. Rf1 Re8 32. Ng1 g4 33. Qf2 Be6 34. Ne2 gxh3 35. Bf3 Qg5 36. Kh1 Bc7 37. Rg1 Kh8 38. Nf4 Qe5 39. Nd3 Qc3 40. Nxc5 Bb6 41. Bh5 Rd8 42. Rf1 Bxc5 43. Qxc5 Qxg3 44. Rg1 Qd6 45. Qg5 Qd4 46. Qf4 Rg8 47. Rxg8+ Bxg8 48. Kh2 a4 49. Bg4 axb3 50. axb3 Qb2+ 51. Kxh3 Qxb3+ 52. Kh4 Qc3 53. e5 Qe1+ 54. Kg5 h6+ 55. Kf5 Kh7 1/2-1/2

[Event "CRO-chT2 West"]
[Site "Croatia"]
[Date "2014.03.29"]
[Round "4.22"]
[White "Zufic, Miroslav"]
[Black "Grguric, Dragan"]
[Result "1-0"]
[WhiteElo "2451"]
[BlackElo "2090"]
[PlyCount "69"]
[EventDate "2014.03.15"]
[EventType "team-tourn"]
[EventRounds "9"]
[EventCountry "CRO"]
[SourceTitle "EXT 2019"]
[Source "ChessBase"]
[SourceDate "2018.10.10"]
[SourceVersion "1"]
[SourceVersionDate "2018.10.10"]
[SourceQuality "1"]
[WhiteTeam "Pula"]
[BlackTeam "Porec Gortan"]
[WhiteTeamCountry "CRO"]
[BlackTeamCountry "CRO"]

1. e4 c5 2. Ne2 e6 3. g3 d5 4. Bg2 dxe4 5. Bxe4 Nf6 6. Bg2 Nc6 7. 0-0 Be7 8. c3 e5 9. Na3 Bf5 10. Nc4 e4 11. Ne3 Bg6 12. Nf4 Qd7 13. h4 Ne5 14. h5 Bf5 15. Nxf5 Qxf5 16. d3 exd3 17. Re1 c4 18. Bh3 Neg4 19. Qa4+ b5 20. Qb4 Qd7 21. Bxg4 Nxg4 22. Nd5 0-0 23. Nxe7+ Kh8 24. Bd2 Rfe8 25. Qc5 Nf6 26. h6 Qg4 27. Bg5 Nh5 28. hxg7+ Kxg7 29. Bh4 f6 30. Nf5+ Kh8 31. Rxe8+ Rxe8 32. Qxb5 Re2 33. Qc5 Qg8 34. Nh6 Qe8 35. Qxh5 1-0

[Event "CRO-chT2 West"]
[Site "Croatia"]
[Date "2014.03.15"]
[Round "1.33"]
[White "Bulic, Josip"]
[Black "Grguric, Dragan"]
[Result "1-0"]
[WhiteElo "2222"]
[BlackElo "2090"]
[PlyCount "75"]
[EventDate "2014.03.15"]
[EventType "team-tourn"]
[EventRounds "9"]
[EventCountry "CRO"]
[SourceTitle "EXT 2019"]
[Source "ChessBase"]
[SourceDate "2018.10.10"]
[SourceVersion "1"]
[SourceVersionDate "2018.10.10"]
[SourceQuality "1"]
[WhiteTeam "Buje"]
[BlackTeam "Porec Gortan"]
[WhiteTeamCountry "CRO"]
[BlackTeamCountry "CRO"]

1. d4 g6 2. Nf3 Bg7 3. c3 Nf6 4. Bg5 0-0 5. Nbd2 d6 6. e3 b6 7. Bc4 Bb7 8. 0-0 Nbd7 9. Qe2 e5 10. dxe5 dxe5 11. e4 Qe7 12. Rad1 Nc5 13. Rfe1 Ne6 14. Qe3 h6 15. Bxf6 Qxf6 16. Bd5 c6 17. Bc4 Rad8 18. Nf1 Nf4 19. Ng3 h5 20. Ne2 Bh6 21. Nxf4 Bxf4 22. Qe2 Bc8 23. h3 Kg7 24. Rxd8 Rxd8 25. Rd1 Rxd1+ 26. Qxd1 Bh6 27. a4 g5 28. Nh2 Qg6 29. Qd8 Qxe4 30. Bxf7 Qb1+ 31. Nf1 Ba6 32. Qg8+ Kf6 33. c4 Qd3 34. b3 Qxb3 35. Qg6+ Ke7 36. Qe6+ Kf8 37. Qe8+ Kg7 38. Be6 1-0

[Event "Porec op"]
[Site "Porec"]
[Date "2013.12.06"]
[Round "4"]
[White "Cvencek, Mladen"]
[Black "Grguric, Dragan"]
[Result "0-1"]
[WhiteElo "2059"]
[BlackElo "2111"]
[PlyCount "72"]
[EventDate "2013.12.05"]
[EventType "swiss"]
[EventRounds "7"]
[EventCountry "CRO"]
[SourceTitle "CBM 157 Extra"]
[Source "ChessBase"]
[SourceDate "2013.12.19"]
[SourceVersion "1"]
[SourceVersionDate "2013.12.19"]
[SourceQuality "1"]

1. d4 Nf6 2. Nf3 g6 3. g3 Bg7 4. Bg2 0-0 5. 0-0 d6 6. Re1 Nbd7 7. b3 c5 8. Bb2 Ne4 9. Nfd2 Nxd2 10. Qxd2 Rb8 11. c4 b5 12. cxb5 Rxb5 13. Na3 Rb8 14. Red1 Ba6 15. e3 Bb7 16. Rac1 Bxg2 17. Kxg2 cxd4 18. Bxd4 Bxd4 19. Qxd4 Nf6 20. Nc4 a5 21. Rc2 Rb4 22. Qd3 Qa8+ 23. f3 h5 24. h4 Rfb8 25. e4 a4 26. Nd2 Nd7 27. Rc3 Nc5 28. Qc2 Qa6 29. Re3 Rd4 30. Qc3 e6 31. Rb1 axb3 32. axb3 Qa3 33. Re2 Rd3 34. Qc2 Qb4 35. Qc4 Rxd2 36. Qxb4 Rxe2+ 0-1

[Event "CRO-chT2 West"]
[Site "Croatia"]
[Date "2013.10.20"]
[Round "8.24"]
[White "Grguric, Dragan"]
[Black "Podobnik, Marijan"]
[Result "1-0"]
[WhiteElo "2069"]
[BlackElo "2175"]
[PlyCount "105"]
[EventDate "2013.03.16"]
[EventType "team-tourn"]
[EventRounds "9"]
[EventCountry "CRO"]
[SourceTitle "EXT 2019"]
[Source "ChessBase"]
[SourceDate "2018.10.10"]
[SourceVersion "1"]
[SourceVersionDate "2018.10.10"]
[SourceQuality "1"]
[WhiteTeam "Porec Gortan"]
[BlackTeam "Rijeka Kvarner"]
[WhiteTeamCountry "CRO"]
[BlackTeamCountry "CRO"]

1. e4 e5 2. Nf3 Nf6 3. Bc4 Nxe4 4. Nc3 Nc6 5. Bxf7+ Kxf7 6. Nxe4 d5 7. Nfg5+ Kg8 8. Qh5 Qe7 9. Nc3 g6 10. Qh4 h6 11. Nf3 Be6 12. Qg3 Qf6 13. d3 Bd6 14. Nb5 e4 15. Nxd6 exf3 16. Nxb7 fxg2 17. Qxg2 Nd4 18. Kd1 h5 19. h3 Kh7 20. Nc5 Bf7 21. Bd2 Nf3 22. Bc3 d4 23. Ne4 Qf5 24. Bb4 Bd5 25. Qg3 Bxe4 26. Qxc7+ Kh6 27. dxe4 Qxe4 28. Qe7 Qxe7 29. Bxe7 Rhe8 30. Bc5 Re4 31. c4 Rae8 32. Kc2 Re2+ 33. Kb3 Rb8+ 34. Ka3 Rbxb2 35. Rhd1 Rxf2 36. Rxd4 Nxd4 37. Bxd4 Rbd2 38. Bxf2 Rxf2 39. Rc1 Rf3+ 40. Kb4 Rxh3 41. c5 Rf3 42. c6 Rf8 43. c7 Rc8 44. Kb5 h4 45. Kc6 g5 46. Kd7 Rxc7+ 47. Kxc7 h3 48. Kd6 g4 49. Ke5 Kg5 50. Rh1 Kh4 51. Kf4 g3 52. Kf3 g2 53. Rc1 1-0

[Event "CRO-chT2 West"]
[Site "Croatia"]
[Date "2013.03.17"]
[Round "3.43"]
[White "Kovacic, Dragutin"]
[Black "Grguric, Dragan"]
[Result "0-1"]
[WhiteElo "1992"]
[BlackElo "2069"]
[PlyCount "120"]
[EventDate "2013.03.16"]
[EventType "team-tourn"]
[EventRounds "9"]
[EventCountry "CRO"]
[SourceTitle "EXT 2019"]
[Source "ChessBase"]
[SourceDate "2018.10.10"]
[SourceVersion "1"]
[SourceVersionDate "2018.10.10"]
[SourceQuality "1"]
[WhiteTeam "Drazice Rjecina"]
[BlackTeam "Porec Gortan"]
[WhiteTeamCountry "CRO"]
[BlackTeamCountry "CRO"]

1. e4 c5 2. b3 Nc6 3. Bb2 d6 4. g3 Nf6 5. Bg2 g6 6. Ne2 Bg7 7. d3 0-0 8. 0-0 Rb8 9. Nd2 b5 10. a4 a6 11. Nf4 Bd7 12. Re1 Re8 13. axb5 axb5 14. Nf3 Qb6 15. Nd5 Nxd5 16. Bxg7 Kxg7 17. exd5 Nb4 18. Nd2 Bc8 19. Nf1 Bb7 20. Ne3 e6 21. dxe6 Rxe6 22. Bxb7 Qxb7 23. c3 Nc6 24. d4 Ree8 25. Qd2 Kg8 26. Ng4 Rxe1+ 27. Rxe1 f5 28. Nf6+ Kg7 29. Ne8+ Rxe8 30. Rxe8 Qf7 31. Re1 cxd4 32. cxd4 Qxb3 33. Rc1 Qd5 34. Qc3 Nd8 35. Qc7+ Nf7 36. Qc6 Qb3 37. Qc3 Qd5 38. h4 g5 39. Qe3 h6 40. Rc7 gxh4 41. gxh4 b4 42. h5 b3 43. Qg3+ Kf8 44. Rc8+ Ke7 45. Qe3+ Kf6 46. Rc3 b2 47. Rb3 Qa5 48. Qd3 Qa1+ 49. Kg2 Qc1 50. Qb5 Qg5+ 51. Rg3 Qxh5 52. Qxb2 f4 53. Rf3 Qg4+ 54. Rg3 fxg3 55. fxg3 Qe4+ 56. Kh2 Ng5 57. Qf2+ Qf3 58. Qe1 Ne4 59. Kh3 h5 60. Qc1 Qxg3# 0-1

[Event "CRO-chT2 West"]
[Site "Croatia"]
[Date "2013.03.16"]
[Round "1.33"]
[White "Tomic, Boris"]
[Black "Grguric, Dragan"]
[Result "0-1"]
[WhiteElo "2081"]
[BlackElo "2069"]
[PlyCount "74"]
[EventDate "2013.03.16"]
[EventType "team-tourn"]
[EventRounds "9"]
[EventCountry "CRO"]
[SourceTitle "EXT 2019"]
[Source "ChessBase"]
[SourceDate "2018.10.10"]
[SourceVersion "1"]
[SourceVersionDate "2018.10.10"]
[SourceQuality "1"]
[WhiteTeam "Mali Losinj"]
[BlackTeam "Porec Gortan"]
[WhiteTeamCountry "CRO"]
[BlackTeamCountry "CRO"]

1. d4 Nf6 2. Nf3 g6 3. g3 Bg7 4. Bg2 0-0 5. c4 d6 6. Nc3 Nbd7 7. 0-0 e5 8. Bg5 h6 9. Bxf6 Qxf6 10. d5 Nc5 11. Nd2 a5 12. Nde4 Nxe4 13. Nxe4 Qe7 14. Rc1 b6 15. c5 bxc5 16. Nxc5 Rb8 17. Na4 f5 18. Qc2 Rf7 19. b3 e4 20. Rfd1 Ba6 21. Nb2 h5 22. Nc4 Rb5 23. Qd2 Bb7 24. Nxa5 Rxd5 25. Qb4 Rxd1+ 26. Rxd1 Ba6 27. e3 Qe5 28. Nc4 Qe6 29. Qa4 d5 30. Na5 Be2 31. Rd2 Bd3 32. Bf1 Bxf1 33. Kxf1 Qa6+ 34. Re2 Bc3 35. Nc6 Qd3 36. b4 h4 37. a3 Qb1+ 0-1